000 00272nam a2200109Ia 4500
008 220204s9999 xx 000 0 und d
082 _aNR:31(035)1987
_bHAN
245 0 _aHandbook of rubber statistics. 1987
250 _aEd.2
260 _aBombay
_bAIRIA
_c1987
942 _cBK
999 _c39574
_d39574